| 000 | 00552cam a2200193ua 4500 | ||
|---|---|---|---|
| 020 |
_a81-204-1113-4 _c145.00 |
||
| 041 |
_aeng _h |
||
| 082 |
_a665.776 _bSHA/BI |
||
| 100 | _aShailaja, Ravindranath . | ||
| 245 |
_aBiomass studeis: field methods for monitoring biomass / _cShailaja Ravindranath. _hTextual Documents |
||
| 250 |
_a1 / _b. |
||
| 260 |
_aNew Delhi : _bOxford & IBH Publishing company , _c1997. |
||
| 300 | _a206 ; . | ||
| 365 | _a145.00 | ||
| 504 | _a | ||
| 700 | 1 | _aSudha, Premnath . | |
| 942 | _cBK | ||
| 999 |
_c7493 _d7493 |
||